00640 2200229 4500001002100000005001700021008004100038035002400079082001100103090002100114100001800135245010200153250001100255260002500266300002500291650002800316850001500344980001500359985000600374999001500380999001500395YOGYA-0209000003190120090227024629.0 ind  0010-020900000031901 a338.52 a338.52bNir PlQ aNiron, John W aPedoman praktis anggaran & boronganbrencana anggaran biaya bangunancdisusun oleh, John W. Niron aCet. 8 aJakartabAsonac1990 a159 hlmbilusc28 cm aAnggaran biaya bangunan aYOPDYOG(B) a11-27-2006 a2 aP000030364 aP000030365